000 002580000a22000970004500
100 1 _aRiria-Ouko, R. Jennifer
245 1 0 _aWomen and economy : Credit issues
300 _aVol. 44, Num. 2 (Junio, 1994), Páginas 79-88
773 0 _tReformed World
942 _cANA
999 _c55354
_d55354